Vocabulario huambisa
Guardat en:
| Autor principal: | |
|---|---|
| Format: | Llibre |
| Idioma: | espanyol |
| Publicat: |
Pucallpa
Instituto Lingüístico de Verano
1987
|
| Col·lecció: | Serie Lingüística Peruana, 24
|
| Matèries: | |
| Etiquetes: |
Afegir etiqueta
Sense etiquetes, Sigues el primer a etiquetar aquest registre!
|
MARC
| LEADER | 00000nam a2200000 a 4500 | ||
|---|---|---|---|
| 001 | UCN5922 | ||
| 003 | CL-VaPUC | ||
| 008 | 010913e19870000pe |||||||||||||||||hub|d | ||
| 041 | 0 | 7 | |a hub |2 CL-VaPUC |
| 041 | 0 | 7 | |a spa |2 CL-VaPUC |
| 082 | 0 | 4 | |a 498.323 |b JAK |2 21 |
| 100 | |a Jakway, Martha |e author |9 461651 | ||
| 245 | 1 | 0 | |a Vocabulario huambisa |
| 300 | |a 226 p | ||
| 942 | |c BK | ||
| 945 | |d 20010913 00:00:00 |a rbrito | ||
| 260 | |a Pucallpa |b Instituto Lingüístico de Verano |c 1987 | ||
| 650 | 0 | |a Etnolingüística |9 341076 | |
| 650 | 0 | |a Bilingüismo |9 307482 | |
| 650 | 7 | |a LENGUA HUAMBISA |2 CL-VaPUC |9 461624 | |
| 650 | 0 | |a Vocabulario |9 345405 | |
| 651 | 0 | |a Perú |9 256567 | |
| 583 | |a last modification |c 20171218 12:09:40 |k Rodrigo Vera | ||
| 490 | 0 | |a Serie Lingüística Peruana, 24 | |
| 999 | |c 297024 |d 297022 | ||
| 952 | |0 0 |1 0 |4 0 |6 498_323000000000000_JAK_1987 |7 0 |8 A |9 351404 |a FDOPOS |b FDOPOS |d 2019-11-21 |i 3708055 |o 498.323 JAK 1987 |p 3708055 |r 2025-01-22 |w 2019-11-21 |y BK |k MLA | ||